| 000 | 00530nam a2200169 i 4500 | ||
|---|---|---|---|
| 001 | 65339 | ||
| 003 | ES-MaACL | ||
| 005 | 20230906165341.0 | ||
| 007 | t| | ||
| 008 | 040112s1972 sp ||||1| spa d | ||
| 100 | 1 |
_aFremon, Suzanne. _952497 |
|
| 245 | 1 | 0 |
_aEsos hijos, esos padres _b: (hacia la madurez) / _cSuzanne Fremon ; traducción por Faustino Martínez Goñi. |
| 260 |
_aMadrid : _bStudium, _c[1972] |
||
| 300 |
_a191 p. ; _c22 cm. |
||
| 700 | 1 |
_aMartínez Goñi, Faustino. _978139 |
|
| 852 |
_aES-MaACL _jC-47969 _bR.82568 |
||
| 999 |
_c65339 _d65339 |
||